000 00313nam a2200133Ia 4500
005 20260328101451.0
008 260328s9999||||xx |||||||||||||| ||und||
100 _aBenton, Tim
245 0 _aLe Corbusier :
_b Le Grand /
_cTim Benton
260 _bPhaidon
300 _a768 p.
650 _aARQUITECTOS
942 _cBK
999 _c8675
_d8675